Keményítő meghatározása "CONTIFLO" automatikus elemzővel
A keményítő meghatározására savas és lúgos kioldás mellett kapott derítéssel tisztított extraktokban Richter és Augustat által kidolgozott eljárást valósítottuk meg CONTI FLO automatikus elemzőn és összehasonlítottuk különböző termékek esetében a polarimetriás eljárással. A módszer 2 —3%-os variáció...
Elmentve itt :
| Szerzők: | |
|---|---|
| Dokumentumtípus: | Cikk |
| Megjelent: |
Pallas Lap- és Könyvkiadó Vállalat
Budapest
1988
|
| Sorozat: | Élelmiszervizsgálati közlemények
34 No. 4 |
| Kulcsszavak: | Élelmiszervizsgálat - analitikai kémia - módszer, Élelmiszerkémia - módszer, Keményítő |
| Tárgyszavak: | |
| Online Access: | http://acta.bibl.u-szeged.hu/80302 |
| LEADER | 02263nab a2200277 i 4500 | ||
|---|---|---|---|
| 001 | acta80302 | ||
| 005 | 20230826104556.0 | ||
| 008 | 230804s1988 hu o 0|| hun d | ||
| 022 | |a 0422-9576 | ||
| 040 | |a SZTE Egyetemi Kiadványok Repozitórium |b hun | ||
| 041 | |a hun | ||
| 041 | |a eng | ||
| 041 | |a ger | ||
| 041 | |a rus | ||
| 100 | 1 | |a Örsi Ferenc | |
| 245 | 1 | 0 | |a Keményítő meghatározása "CONTIFLO" automatikus elemzővel |h [elektronikus dokumentum] / |c Örsi Ferenc |
| 260 | |a Pallas Lap- és Könyvkiadó Vállalat |b Budapest |c 1988 | ||
| 300 | |a 218-224 | ||
| 490 | 0 | |a Élelmiszervizsgálati közlemények |v 34 No. 4 | |
| 520 | 3 | |a A keményítő meghatározására savas és lúgos kioldás mellett kapott derítéssel tisztított extraktokban Richter és Augustat által kidolgozott eljárást valósítottuk meg CONTI FLO automatikus elemzőn és összehasonlítottuk különböző termékek esetében a polarimetriás eljárással. A módszer 2 —3%-os variációs koefficienssel alkalmas a keményítő meghatározására. Authors realized of the kind Richter and Augustat method in the CONTIFLO automatic analyser in the determination of starch. They realized the method after acidic and alkaline dissolution from the extract which was cleaned with clarification. They reproduced this method with polarization method. The method is fit to the determination of starch with 2 — 3% coefficient of variation. Zur Bestimmung der Stärke aus durch Klärung gereinigten Extrakten nach sauerer und basischer Extraktion wurde das von Richter und Augustat ausgearbeitete Verfahren mit dem automatischen Analysator „CONTIFLO“ ebenfalls realisiert. Diese Methode wurde mit dem polarimetrischen Verfahren bei verschiedenen Produkten verglichen. Sie ist geeignet, bei einem Variationskoeffizienten von 2 bis 3% Stärke zu bestimmen. | |
| 650 | 4 | |a Műszaki és technológiai tudományok | |
| 650 | 4 | |a Egyéb műszaki tudományok és technológiák | |
| 650 | 4 | |a Élelmiszer és italfélék | |
| 695 | |a Élelmiszervizsgálat - analitikai kémia - módszer, Élelmiszerkémia - módszer, Keményítő | ||
| 700 | 0 | 1 | |a Székely Mária |e aut |
| 856 | 4 | 0 | |u http://acta.bibl.u-szeged.hu/80302/1/elelmiszervizsgalati_kozlemenyek_1988_04_218-224.pdf |z Dokumentum-elérés |